| 000 | 00550nam a2200205 a 4500 | ||
|---|---|---|---|
| 005 | 20140310183448.0 | ||
| 008 | 081127s19uu xx 00 eng d | ||
| 020 | _a978-60163-014-8 | ||
| 050 |
_aHD 69.T54 _b.L45 2008 |
||
| 100 | _aLeland, Karen | ||
| 245 | _aTime management in an instant. / | ||
| 260 |
_aNew Jersey : _bCareer Press, _c2008. |
||
| 300 |
_a160 p. : _bill. ; _c21 cm. |
||
| 521 | _aBSBA | ||
| 650 | _aTime management. | ||
| 650 | _aQuality of work life. | ||
| 700 | _aBailey, Keith | ||
| 942 |
_cBK _2lcc _kFOR |
||
| 999 |
_c23300 _d23300 |
||